| 000 | 00726nam a2200205 a 4500 | ||
|---|---|---|---|
| 001 | 711 | ||
| 003 | CDMR | ||
| 005 | 20151022134202.0 | ||
| 008 | 130130s2004||||||||||||||||||||||||||||d | ||
| 020 | _a9981831298 | ||
| 040 |
_aCDMR _bcat _cCDMR |
||
| 100 | 1 |
_aEzzaim, Allal _9548 |
|
| 245 | 1 | 0 |
_aDiario del exilio desde Madrid _b: la prensa española ante la destitución del Sultán Mohamed V _cAllal Ezzaim |
| 260 |
_aRabat _c2004 _bEdiciones del Alto Comisionado para los Antiguos Resistentes y los Miembros del Ejército de Liberación |
||
| 300 | _a282, 13 p. | ||
| 650 | 0 | 4 |
_92737 _aPremsa _xDret i legislació _zEspaña _yS. XX |
| 650 | 0 | 4 |
_93246 _aEspanya _xPolítica |
| 650 | 0 | 4 |
_93994 _aPolítica mundial _yS. XX |
| 942 |
_cMON _2udc |
||
| 999 |
_c711 _d711 |
||